Numerical recipes in Pascal : The art of scientific computing /

Gespeichert in:
Bibliographische Detailangaben
1. Verfasser: Press, William H (Verfasst von)
Format: Buch
Sprache:Englisch
Veröffentlicht: Cambridge : Cambridge University Press, 1989
Schlagworte:
Tags: Tag hinzufügen
Keine Tags, Fügen Sie das erste Tag hinzu!

MARC

LEADER 00000nam a22000003a 4500
001 stu2777
005 20201005131453.0
008 921216s1989----xxu-----------------eng-d
020 |a 0-521-37516-9 
040 |a STU  |b slo 
041 0 |a eng 
044 |a xxu 
080 |a 681.32.06 
080 |a PASCAL  |7 stu_us_auth*stu8360 
080 |a 519.682 
080 |a 519.6 
100 1 |a Press, William H  |4 aut 
245 1 |a Numerical recipes in Pascal :  |b The art of scientific computing /  |c [aut.] Press,William H 
260 |a Cambridge :  |b Cambridge University Press,  |c 1989 
300 |a 759 s 
650 7 |a programovacie jazyky  |2 stusub 
650 7 |a PASCAL  |2 stusub 
650 7 |a vedecké výpočty  |2 stusub 
650 7 |a výpočtová matematika  |2 stusub 
650 7 |a numerická analýza  |2 stusub 
650 7 |a programovanie  |2 stusub 
996 |b E77619  |c E*77619  |l EE03  |s P  |a 0  |w stu2777_0001